000 00720nam a22002417a 4500
003 UA-OsUOA
001 24589
007 ta
008 20040223b un ||||| |||| 00| 0 ukr d
090 _a330.101.542
_bМ59
942 _cBK
040 _aUA-OsUOA
_brus
_cUA-OsUOA
_dUA-OsUOA
245 _aМикро-, макроэкономика
_bПрактикум
_cПод общ.ред. Ю.А.Огибин
300 _a432 с.
_bІлюстрації
955 _a0
041 _arus
080 _a330.101.542
020 _a5-87685-001-2
260 _aСанкт-Петербург
_bАО "Литера плюс", "Санкт-Петербург оркестр"
_c432
044 _aRU
650 7 _2UDC
999 _c310867
_d310867